000 00475nam a22001577a 4500
005 20241029155332.0
008 241029b |||||||| |||| 00| 0 eng d
020 _a9780816317912
050 _aRC81
_bHAR
100 _aHardinge, G. Hardinge
245 _aFamily Medical Handbook:
_bYour Home Guide To Health and Basic Emergency care
260 _aCanada
_bPacific Press Publishing Association
_cc1991
300 _a126p.:
_bill
700 _aShryock, Harold
942 _2lcc
_cBK
_n0
999 _c344
_d344